000 00607nam a2200205 4500
001 116745
003 ES-MaACL
005 20230906190748.0
007 t|
008 061121s1967 sp r ||||1| spa d
100 1 _aPaupert, Jean-Marie.
_989667
245 1 1 _a¿Es todavía posible la fe? /
_cJean-Marie Paupert ; traducción de Pere Darnell.
250 _a1ª ed.
260 _aMadrid :
_bPeninsula,
_c1967.
300 _a239 p. ;
_c20 cm.
490 1 _aCompromiso cristiano ;
_v13
830 0 _aCompromiso cristiano ;
_v13
_9186378
852 _aES-MaACL
_jC-32165
_bR.62880
999 _c116745
_d116745